000
00329 a2200109 4500
001
ART_42232
005
20260410161807.0
008
260409a
245
1
0
_a
Reforma de la ley de concursos. Ley 26684
100
1
_a
Moro, Carlos E.
773
0
_t
Doctrina Societaria y Concursal
_g
- NÂș 289 (dic. 2011)
_w
REV4298
999
_c
21075
_d
21075